| 000 | 01390nam a2200361 i 4500 | ||
|---|---|---|---|
| 001 | 000046285 | ||
| 003 | DO-SdBNP | ||
| 005 | 20241031120457.0 | ||
| 007 | ta | ||
| 008 | 110303s2022 dr 000 0 spa d | ||
| 020 | _a9789945809565 | ||
| 040 |
_aDO-SdBNP _bspa _cBNPHU _erda |
||
| 041 | _aspa | ||
| 082 | 4 |
_a972.93 _bR789a _222 |
|
| 100 |
_aRosario Sánchez, Pablo Secundino, _d1950- _983959 _eautor _4aut. |
||
| 245 | 1 | 0 |
_aAntecedentes y la primera República historia dominicana / _cPablo Secundino Rosario Sánchez ; prólogo, Eduardo García Michel. |
| 250 | _aPrimera edición | ||
| 264 | 1 |
_aSanto Domingo : _bConadex, _c2022. |
|
| 300 |
_a348 paginas : _bilustraciones, _c24 cm. |
||
| 336 |
_atexto _btxt _2rdacontent |
||
| 337 |
_asin mediación _bn _2rdamedia |
||
| 338 |
_avolumen _bnc _2rdacarrier |
||
| 500 | _aIncluye datos biográficos del autor en las solapas | ||
| 504 | _aBibliografía: p. 347-348 | ||
| 590 | _ainventariado, 2023 / DG | ||
| 651 | 4 |
_aRepública Dominicana _xHistoria _yDescubrimiento y conquista, 1492-1503 _9255 |
|
| 651 | 4 |
_aRepública Dominicana _xHistoria _yPrimera República, 1844-1861 _932929 |
|
| 651 | 4 |
_aRepública Dominicana _xHistoria _9170 |
|
| 700 | 1 |
_aRosario Veras, Elisa _erevisión _4re. _983960 |
|
| 700 | 1 |
_aGarcía Michel, Eduardo _eprologuista _4pr. _99281 |
|
| 910 | _aDG/Validado. Control de calidad MFF | ||
| 942 |
_2ddc _cLBS1 |
||
| 999 |
_c53523 _d53523 |
||